000 00757nam a2200193 a 4500
003 0
005 20250303141213.0
008 130827s19uu xx 00 eng d
050 _aPGS GV 445.C65
_b.Ar659 2013
100 _aAragon, Joash Ser C.
245 _aComputer gaming and physical fitness of grade 6 students of Southville International School and Colleges /
_cJoash Ser C. Aragon.
260 _aLas PiƱas City, Philippines :
_bSouthville International School and Colleges,
_c2013.
300 _a28 pages :
_billustrations ;
_c28 cm.
504 _aIncludes bibliographical references.
650 _aVideo games
_vHealth aspects.
650 _aVideo games
_vPhysiological aspects.
650 _aPhysical fitness in children.
942 _2lcc
_cPASS
999 _c98974
_d98974